000 00335nam a22001457a 4500
008 221013b ||||| |||| 00| 0 eng d
020 _a0721653782
041 _aeng
080 _2THIRD EDITION
_a61
082 _a61 KEN
100 _a5
101 _aMJEK
245 _aDISODERS OF THE RESPIRATORY TRACT
_cKENDIG E
942 _2udc
_cBK
999 _c58542
_d58542